• 首页
  • 本馆介绍
  • 公告通知
  • 最新文献
  • 馆藏检索
  • 电子资源
  • 读者导购
  • 参考咨询
  • 我的图书馆
  • 登录
  • 详细信息显示
  • 放入我的书架
  • 预约/预借图书
  • 作者相关作品
  • 分类相关作品
  • 丛书相关作品
  • 出版社相关作品

书目信息

  • 表格格式
  • 工作单格式
  • 卡片格式
题名:
微波元件原理与设计
    
 
作者: 李嗣范 著
分册:  
出版信息: 北京   人民邮电出版社  1982
页数: 574页
开本: 21cm
丛书名:
单 册:
中图分类: TN61
科图分类:
主题词: 微波元件
电子资源:
ISBN:
000 00605nam0 2200229 45
001 0182006628
005 20061123155946.70
010    @dCNY2.25
091    @aCN@b15045.总2541-无6166
100    @a19950510d1982 em y0chiy0121 ea
101 0  @achi
102    @aCN@b110000
105    @ay z 000yy
200 10 @a微波元件原理与设计@Awei bo yuan jian yuan li yu she ji@f李嗣范编
210    @a北京@c人民邮电出版社@d1982
215    @a574页@d21cm
606    @a微波元件
690    @aTN61@v3 
701  0 @a李嗣范@Ali si fan@4著
801  2 @aCN@bNLC@c20061123
801  0 @aCN@bTSSF
905    @a10447@dTN61@e13
    
    微波元件原理与设计/李嗣范编.-北京:人民邮电出版社,1982
    574页;21cm
    
    
    ISBN :CNY2.25
    
●
相关链接 在E读中查询图书 在五车中查询图书 在当当中查询图书 在豆瓣中查询图书


正题名:微波元件原理与设计     索取号:TN61/13         预约/预借

序号 登录号 条形码 馆藏地/架位号 状态 备注
1 0064699   001354251   第二样本阅览室/ [索取号:TN61/13] 在馆    
唐山师范学院图书馆 欢迎您!
大连网信软件有限公司© 版权所有